00332nam a2200133 a 4500008004100000020001500041050001600056100002100072245003600093246001700129260002300146300002000169350000900189120416s1982 ||||||||||||||||| || u a0039103420 aHF 5635 Fra aFrancis, D. Pitt10aAccounting concepts and methods aaccounting 2 aLondonbHoltc1982 axi, 354p. : ill a0.00